Statistiken für Länder Europas

Klicken Sie hier um das Quiz zu spielen!

Allgemein

  • Dieses Quiz wurde 137 mal gespielt
  • Das Durchschnittsergebnis liegt bei 46 aus 47

Antwortstatistiken

HintAntwort% Korrekt
ÖÖsterreich
100%
TTschechien
99%
TTürkei
99%
AAlbanien
98%
AAndorra
98%
BBulgarien
98%
BBelgien
98%
BBosnien-Herzigowina
98%
BBelarus
98%
DDeutschlad
98%
DDänemark
98%
EEsland
98%
FFinnland
98%
FFrankreich
98%
GGriechenland
98%
IItalien
98%
IIsland
98%
IIrland
98%
KKroatien
98%
KKosovo
98%
LLettland
98%
LLichtenstein
98%
LLitauen
98%
LLuxemburg
98%
MMonaco
98%
MMalta
98%
MMontenegro
98%
MMoldawien
98%
NNiederlande
98%
NNorwegen
98%
NNordmazedonien
98%
PPolen
98%
PPortugal
98%
RRumänien
98%
RRussland
98%
SSlowenien
98%
SSpanien
98%
SSerbien
98%
SSlowakei
98%
SSchweiz
98%
SSchweden
98%
SSan Marino
98%
UUkraine
98%
UUngarn
98%
VVatikan
98%
VVereinigtes Königreich
98%
ZZypern
98%

Verteilung der Resultate

Perzentil nach korrekt beantworteten Fragen

Anzahl Personen mit jedem Resultat

Ihre Resultats-Entwicklung

Sie haben dieses Quiz noch nicht gespielt